Zlato priťahuje pozornosť investorov

Vývoj hodnoty zlata ako jednej z najobchodovanejších a najsledovanejších komodít vo svete v roku 2003. Vplyv napätia v Iraku na vývoj ceny zlata. Rozmach terorizmu podporuje zlato.

Enregistré dans:
Détails bibliographiques
Auteur principal: Haniš, Marcel
Format: Chapitre de livre
Langue:slovaque
Sujets:
Tags: Ajouter un tag
Pas de tags, Soyez le premier à ajouter un tag!

MARC

LEADER 00000naa$a2200000$$$4500
001 0002939
005 20230925123452.1
041 0 |a slo 
044 |a SK 
245 1 0 |a Zlato priťahuje pozornosť investorov  |c aut. Marcel Haniš 
520 |a Vývoj hodnoty zlata ako jednej z najobchodovanejších a najsledovanejších komodít vo svete v roku 2003. Vplyv napätia v Iraku na vývoj ceny zlata. Rozmach terorizmu podporuje zlato. 
610 2 0 |a zlato 
610 2 0 |a cena zlata 
610 2 0 |a investori 
610 2 0 |a správanie 
610 2 0 |a trh zlata 
610 2 0 |a svet 
100 1 |a Haniš, Marcel